000
00348 a2200169 4500
001
185584
020
_a
85-08-06543-4
040
_c
Magnum
100
_a
Rocha, Ruth
240
1
0
_a
Fantasma existe ?
_l
por
245
1
0
_a
Fantasma existe ?
300
_a
14
362
0
_a
1997
440
1
_a
Ática
697
_a
LITERATURA INFANTIL
942
_c
BK
999
_c
185584
_d
185584